| 000 | 00631nam a2200229Ia 4500 | ||
|---|---|---|---|
| 003 | OSt | ||
| 005 | 20221007064820.0 | ||
| 006 | a|||||r|||| 00| 0 | ||
| 007 | ta | ||
| 008 | 221006b |||||||| |||| 00| 0 eng d | ||
| 024 | _a17,166 | ||
| 037 | _cTextual | ||
| 040 |
_aFLL _cFLL _beng |
||
| 041 |
_2eng _aeng |
||
| 082 | _aXM55,72.2.N8y7, M5 | ||
| 100 |
_aSingh D. Au. _9685615 |
||
| 245 | 0 | _aCorporate taxation and industrial growth | |
| 260 |
_aDelhi _bMittal publications India _c1985 |
||
| 300 |
_a160p _ccm. |
||
| 942 |
_hXM55,72.2.N8y7, M5 _cTEXL _2CC |
||
| 999 |
_c1135422 _d1135422 |
||